000 00288nam a2200121Ia 4500
082 _a614.1
_bF12C
100 _aCHAURASIA, BHASKAR
245 _aTB. OF FORENSIC PHARMACY PHARMACEUTICAL JURISPRUDENCE
260 _bCBS- DELHI
300 _a478
650 _aPHARMACEUTICS
942 _2ddc
_cBK
999 _c7159
_d7159